Námestie slobody v Šaštíne - rekonštrukcia verejného priestoru

Guardado en:
Detalles Bibliográficos
Autor principal: Kováčová, Diana (Autor)
Otros Autores: Kaliská, Dagmar (Orientador)
Formato: Manuscrito Libro
Lenguaje:eslovaco
Publicado: Bratislava 2016
Materias:
Acceso en línea:http://is.stuba.sk/zp/portal_zp.pl?podrobnosti=93835
Etiquetas: Agregar Etiqueta
Sin Etiquetas, Sea el primero en etiquetar este registro!

MARC

LEADER 00000ntm a22000003a 4500
001 stuzp51837
003 SK-STU
005 20210222110345.0
007 ta
008 150427s2015----xo-----f-mn---000-0-slo-d
040 |a STU  |b slo 
041 0 |a slo 
100 1 |a Kováčová, Diana  |u 056160  |4 aut  |U FAD Fakulta architektúry  |T FA Ústav urbanizmu a územného plánovania  |X 61977  |U A6160  |Y 397  |7 61977 
242 0 1 |a Square in Šaštín  |y eng 
245 1 0 |a Námestie slobody v Šaštíne - rekonštrukcia verejného priestoru 
260 |c 2016  |a Bratislava 
650 4 |a urbanizmus  |2 slo 
650 4 |a podzemné parkovanie  |2 slo 
650 4 |a prestavba námestia  |2 slo 
650 4 |a urbanism  |2 eng 
650 4 |a underground garage  |2 eng 
650 4 |a revitalization of the square  |2 eng 
700 1 |a Kaliská, Dagmar  |u 056160  |k Z1  |4 ths  |U FAD Fakulta architektúry  |T FA Ústav urbanizmu a územného plánovania  |X 421  |U A6160  |Y 397  |7 A000000421 
856 4 |u http://is.stuba.sk/zp/portal_zp.pl?podrobnosti=93835  |u https://opac.crzp.sk/?fn=detailBiblioForm&sid=367CD704F5D5570C76E0F2DE3652  
SQL |a stuzp51837  |b DBP  |c SLO  |d Námestie slobody v Šaštíne - rekonštrukcia verejného priestoru  |e 61977  |f Kováčová, Diana  |g 056160  |h 421  |i Kaliská, Dagmar  |j 20160610  |k 149  |l 05  |m http://is.stuba.sk/zp/portal_zp.pl?podrobnosti=93835  |n B-AU  |o 5.1.1. architektúra a urbanizmus